| 000 | 01288cab a22002055a 4500 | ||
|---|---|---|---|
| 001 | L156443 | ||
| 008 | 120522e2012 xxk 000 0 eng d | ||
| 035 | _a(Sirsi) u156443 | ||
| 041 | 0 | _aeng | |
| 100 | 1 | _aSandher, Hardeep | |
| 245 | 0 | 0 | _aOverseas, overloaded and over here |
| 260 | _c2012 | ||
| 490 | 0 |
_aProperty Week _v78 (20) 18 May 2012 Property Supplement, 10-11(2) |
|
| 520 | _aForeign investors' interest in London commercial property is stronger than ever. In the last three years two-thirds of the London office investment market was purchased by overseas buyers (from 30 countries in 2011) with the trend continuing in 2012. Overseas buyers outweighed domestic investors for the first time in 2011. With the arrival of these foreign investors the typical asset hold period is likely to be 10 years or more compared to the three to five years typical of UK institutions. | ||
| 520 | _aGraphics cover: increasing dominance of overseas capital in London office market; main overseas investors into City office market; European transaction activity; sovereign wealth funds' proportion allocated to each asset class; and how London investments compare with those in other cities. | ||
| 590 | _aKA | ||
| 651 | 4 | _aLondon | |
| 690 |
_aCommercial property _96227 |
||
| 942 | _n0 | ||
| 999 |
_c84017 _d84017 |
||